Geografía de europa y oceanía /

Guardado en:
Autor Principal: Quarleri, Paulina
Formato: Libro
Publicado: Buenos Aires : Kapelusz, 1982
Materias:
Etiquetas: Agregar Etiqueta
Sin Etiquetas, Sea el primero en etiquetar este registro!
LEADER 02626nam a22003135a 4500
001 CEM.cems005206
008 130507s1982##################000#0#####d
005 20210910170414.0
003 CEMS
245 1 0 |a Geografía de europa y oceanía /  |c Paulina Quarleri 
260 |a Buenos Aires :  |b Kapelusz,  |c 1982 
300 |a 363 p. 
500 |a Para segundo año del ciclo básico, de las escuelas de comercio y educación técnica 
505 0 |a Europa: situación, límites, extensión -- Europa: estructural y geomorfología -- Hidrología -- Geografía física -- Climatología -- Hidrología -- Geografía biológica -- Geografía humana -- Población -- Geografía económica -- Producción de materias primas -- Geografía humana -- Fuentes de energía -- Fuentes agotables -- Industrias -- Transportes -- Comercio -- Europa mediterránea -- Las grandes regiones geográficas -- Península Ibérica -- España -- Portugal -- Península Itálica -- Italia -- Ciudad del Vaticano -- República de San Marino -- Península Balcánica -- Yugoslavia -- Albania -- Grecia -- Turquía europea -- Bulgaria -- República de Malta -- Europa Atlántica -- Archipiélago Británico -- Reino Unido de Gran Bretaña e Irlanda del Norte -- Irlanda o Eire -- Europa continental atlántica -- Países bajos -- Bélgica -- Luxemburgo -- Francia -- Mónaco -- Europa Nórdica -- Península Escandinava -- Noruega -- Suecia -- Península de Jutlandia -- Finlandia -- Islandia -- Europa Central -- Europa central Marítima -- Alemania -- Alemania federal -- República Democrática Alemana o Alemania Oriental -- Polonia -- Europa Central Alpina -- Suiza -- Austria -- Principado de Liechtenstein -- Europa Central Danubiana -- Chescoslovaquia -- Hungría -- Rumania -- Europa oriental -- Unión soviética -- Oceanía -- Australia -- Nueva Zelandia 
020 |a 9501325008 
100 1 |a Quarleri, Paulina 
082 0 4 |a 914 
653 |a Geografía 
653 |a Geografía-europa 
653 |a Geografía-oceanía 
859 |a CEMS  |b BIB. CEMS - 11 de abril  |h 914  |i Q27  |p 11067.82  |t Ej.1 
859 |a CEMS  |b BIB. CEMS - Agricultura  |h 914  |i Q27  |p A17396.93  |t Ej.1 
859 |a CEMS  |b BIB. CEMS - 11 de abril  |h 914  |i Q27  |p 13430.85  |t Ej.2 
859 |a CEMS  |b BIB. CEMS - 11 de abril  |h 914  |i Q27  |p 13431.85  |t Ej.3 
859 |a CEMS  |b BIB. CEMS - 11 de abril  |h 914  |i Q27  |p 13432.85  |t Ej.4 
859 |a CEMS  |b BIB. CEMS - 11 de abril  |h 914  |i Q27  |p 13433.85  |t Ej.5 
859 |a CEMS  |b BIB. CEMS - 11 de abril  |h 914  |i Q27  |p 13434.85  |t Ej.6 
859 |a CEMS  |b BIB. CEMS - 11 de abril  |h 914  |i Q27  |p 13435.85  |t Ej.7 
859 |a CEMS  |b BIB. CEMS - 11 de abril  |h 914  |i Q27  |p 15306.88  |t Ej.8